000 00298nam a22001337a 4500
008 171010b xxu||||| |||| 00| 0 eng d
020 _a9780072287950
041 _aeng
080 _a316
100 _a50
101 _aSOC
245 _aTEACHERS, SCHOOLS & SOCIETY
_cSADKER, M.P
942 _2udc
_cBK
999 _c32813
_d32813